000 00577nam a2200181Ia 4500
008 151202s9999||||xx |||||||||||||| ||und||
082 _bPNVM-66980
100 _aवाळिंबे वि.स.
245 _aऑपरेशन थंडर.
260 _b"अभिजीत पब्लिकेशन ,पुणे."
260 _c2009
300 _a88
600 _aवाळिंबे वि.स.
630 _aऑपरेशन थंडर.
700 _aवाळिंबे वि.स.
730 _aऑपरेशन थंडर.
942 _cBOOK
999 _c1333512
_d1333509